Anaeróbne sporotvórne baktérie a ich význam s ohľadom na mlieko bakalárska práca

Saved in:
Bibliographic Details
Main Author: Stoláriková, Mária
Format: Book
Language:Slovak
Published: Bratislava STU FCHPT 2016
Online Access:View in OPAC
Tags: Add Tag
No Tags, Be the first to tag this record!

MARC

LEADER 00000nam a2200000 a 4500
005 20260127134235.0
008 160906 2016 000 0 slo d
035 |a vtls011577929 
039 9 |y 201609061003  |z mschk03 
040 |a STUSCHK1  |b slo  |c STUSCHK1  |e AACR2 
100 1 |a Stoláriková, Mária 
245 1 |a Anaeróbne sporotvórne baktérie a ich význam s ohľadom na mlieko  |b bakalárska práca  |c Mária Stoláriková 
260 |a Bratislava  |b STU FCHPT  |c 2016 
300 |a 37 s.  |b il.  |c 25 cm 
500 |a Študijný program: biotechnológia a potravinárska technológia 
500 |a Študijný odbor: biotechnológia 
500 |a Školiace pracovisko: Ústav potravinárstva a výživy 
500 |a Evid. číslo: FCHPT-13567-70731 
910 |a SCHK95 
999 |c 7572  |d 7572